[Event "Kremennaya Gerasimov Memorial"]
[Site "Kremennaya"]
[Date "2017.04.19"]
[Round "7"]
[White "Terletsky, Oleg"]
[Black "Gutsko, Nikolai"]
[Result "1-0"]
[WhiteElo "2263"]
[BlackElo "2165"]
[PlyCount "61"]
[EventDate "2017.04.13"]
[EventType "tourn"]
[EventRounds "9"]
[EventCountry "UKR"]
[EventCategory "2"]
[SourceTitle "CBM 177 Extra"]
[Source "ChessBase"]
[SourceDate "2017.04.27"]
[SourceVersion "1"]
[SourceVersionDate "2017.04.27"]
[SourceQuality "1"]

1. e4 c5 2. Nf3 d6 3. d4 cxd4 4. Nxd4 Nf6 5. Nc3 a6 6. Be3 e6 7. Be2 Qc7 8. Qd2 b5 9. f3 Nbd7 10. a3 Be7 11. g4 Nb6 12. 0-0-0 0-0 13. g5 Nfd7 14. f4 Re8 15. h4 Nc5 16. f5 Bb7 17. g6 fxg6 18. fxg6 Bf6 19. Bg5 Nxe4 20. Nxe4 Bxe4 21. Bxf6 gxf6 22. Rhg1 Kh8 23. Rdf1 f5 24. gxh7 Nd5 25. Bh5 Re7 26. Rg8+ Rxg8 27. hxg8Q+ Kxg8 28. Rg1+ Rg7 29. Bg6 Qa7 30. Qg5 Qc7 31. Kb1 1-0

[Event "Elista"]
[Site "Elista"]
[Date "2014.02.??"]
[Round "6"]
[White "Lingur, Zalina"]
[Black "Gutsko, Nikolai"]
[Result "0-1"]
[WhiteElo "2007"]
[BlackElo "2206"]
[PlyCount "178"]
[EventDate "2014.02.??"]
[EventType "tourn"]
[EventRounds "10"]
[EventCountry "RUS"]
[SourceTitle "EXT 2016"]
[Source "ChessBase"]
[SourceDate "2015.10.08"]
[SourceVersion "1"]
[SourceVersionDate "2015.10.08"]
[SourceQuality "1"]

1. e4 e5 2. Nf3 Nc6 3. Bb5 a6 4. Ba4 Nf6 5. 0-0 b5 6. Bb3 Be7 7. Re1 0-0 8. a4 Bb7 9. Nc3 b4 10. Nd5 d6 11. c3 a5 12. d3 Qd7 13. Nxe7+ Qxe7 14. Nh4 Bc8 15. Bg5 h6 16. Ng6 Qd8 17. Bxf6 Qxf6 18. Nxf8 Kxf8 19. Bd5 Bd7 20. Re3 Be8 21. Qh5 Rb8 22. Rf3 Qe7 23. Qg6 Kg8 24. Rg3 Qf8 25. Qxh6 Bd7 26. Qh5 Ne7 27. Bc4 bxc3 28. bxc3 g6 29. Qd1 Qh6 30. h3 Kg7 31. Rb1 Bxa4 32. Qc1 Qxc1+ 33. Rxc1 Be8 34. Re3 a4 35. Ree1 Nc8 36. Rb1 Nb6 37. Bb5 Bxb5 38. Rxb5 Ra8 39. Kf1 Kf6 40. Ke2 Ke6 41. c4 Nd7 42. Ra1 Nc5 43. Kd2 Kd7 44. Kc3 Kc6 45. h4 Rh8 46. Rh1 Ra8 47. f3 Rh8 48. g4 f6 49. d4 exd4+ 50. Kxd4 Nb3+ 51. Kc3 Nc5 52. h5 g5 53. Rhb1 Nb3 54. Rf5 Rh6 55. Kb4 Nc5 56. Ka3 Kd7 57. Rb8 Ne6 58. Rd5 Nc5 59. Rg8 Kc6 60. Rd1 Rh7 61. Rb1 Nd3 62. Kxa4 Ne5 63. Rb3 Kc5 64. Rc3 c6 65. Rb8 Ra7+ 66. Kb3 Ra1 67. Kb2 Rf1 68. Rf8 Rf2+ 69. Kb3 Nxf3 70. h6 Nd2+ 71. Ka4 Nxc4 72. Rc1 Rb2 73. Rxc4+ Kxc4 74. Ka5 Rh2 75. Rxf6 Kc5 76. Rf5+ d5 77. Ka4 Rxh6 78. Rxg5 Kc4 79. exd5 cxd5 80. Ka3 Kc3 81. Ka2 Kc2 82. Ka3 d4 83. Rc5+ Kd2 84. Kb3 d3 85. g5 Rd6 86. g6 Rxg6 87. Rd5 Rc6 88. Rh5 Rb6+ 89. Kc4 Kc2 0-1

[Event "Dombai"]
[Site "Dombai"]
[Date "2010.12.28"]
[Round "8"]
[White "Biriukov, Nikolai"]
[Black "Gutsko, Nikolai"]
[Result "1-0"]
[WhiteElo "2361"]
[BlackElo "2287"]
[PlyCount "73"]
[EventDate "2010.12.21"]
[EventType "swiss"]
[EventRounds "9"]
[EventCountry "RUS"]
[EventCategory "6"]
[SourceTitle "CBM 140 Extra"]
[Source "ChessBase"]
[SourceDate "2011.03.01"]
[SourceVersion "1"]
[SourceVersionDate "2011.03.01"]
[SourceQuality "1"]

1. d4 d5 2. c4 e6 3. Nc3 c5 4. cxd5 cxd4 5. Qxd4 Nc6 6. Qd1 exd5 7. Qxd5 Be6 8. Qxd8+ Rxd8 9. e3 a6 10. a3 Nf6 11. Nf3 Na5 12. Nd4 Nb3 13. Nxb3 Bxb3 14. e4 Bc5 15. Bg5 Bd4 16. Rc1 0-0 17. Be2 Rfe8 18. f3 h6 19. Bd2 Bf2+ 20. Kxf2 Rxd2 21. Ke3 Rxb2 22. Rb1 Nd5+ 23. Nxd5 Rxb1 24. Nf6+ gxf6 25. Rxb1 Bd5 26. Kf4 Bc6 27. Rb6 Re6 28. g4 Kf8 29. h4 Ke7 30. h5 Kd8 31. Bc4 Bd5 32. Rxe6 Bxe6 33. Bxe6 fxe6 34. e5 Ke7 35. Ke4 b5 36. f4 a5 37. Kd4 1-0

[Event "Dombai"]
[Site "Dombai"]
[Date "2010.12.27"]
[Round "7"]
[White "Gutsko, Nikolai"]
[Black "Kiselev, Vitaliy1"]
[Result "0-1"]
[WhiteElo "2287"]
[BlackElo "2535"]
[PlyCount "72"]
[EventDate "2010.12.21"]
[EventType "swiss"]
[EventRounds "9"]
[EventCountry "RUS"]
[EventCategory "6"]
[SourceTitle "CBM 140 Extra"]
[Source "ChessBase"]
[SourceDate "2011.03.01"]
[SourceVersion "1"]
[SourceVersionDate "2011.03.01"]
[SourceQuality "1"]

1. e4 c5 2. Nc3 d6 3. g3 g6 4. Bg2 Bg7 5. d3 Nc6 6. f4 Nh6 7. Nf3 0-0 8. 0-0 f5 9. Qe2 Nd4 10. Nxd4 cxd4 11. Nd1 Qc7 12. Re1 fxe4 13. dxe4 Bg4 14. Qd3 Rac8 15. Qb3+ Kh8 16. Nf2 Bd7 17. Re2 b5 18. Nd3 Nf7 19. Rf2 a5 20. a3 e6 21. f5 exf5 22. exf5 Ne5 23. Nxe5 dxe5 24. f6 Rxf6 25. Rxf6 Bxf6 26. Bh6 Qb6 27. Kh1 Bc6 28. Rf1 Bxg2+ 29. Kxg2 Qc6+ 30. Kg1 Rc7 31. g4 Bg7 32. Bxg7+ Kxg7 33. g5 Qc5 34. Qh3 d3+ 35. Kg2 dxc2 36. Qe6 Qc6+ 0-1

[Event "Lugansk-A"]
[Site "Lugansk"]
[Date "2007.10.??"]
[Round "15"]
[White "Gutsko, Nikolai"]
[Black "Fomichenko, Eduard"]
[Result "0-1"]
[WhiteElo "2201"]
[BlackElo "2445"]
[PlyCount "84"]
[EventDate "2007.10.??"]
[EventType "tourn"]
[EventRounds "17"]
[EventCountry "UKR"]
[EventCategory "6"]
[SourceTitle "EXT 2009"]
[Source "ChessBase"]
[SourceDate "2008.11.26"]
[SourceVersion "1"]
[SourceVersionDate "2008.11.26"]
[SourceQuality "1"]

1. e4 c5 2. Nc3 Nc6 3. f4 g6 4. Nf3 Bg7 5. g3 e6 6. Bg2 Nge7 7. d3 0-0 8. 0-0 d6 9. Be3 Nd4 10. Qd2 Rb8 11. Nd1 b5 12. c3 Nxf3+ 13. Bxf3 b4 14. Nf2 bxc3 15. bxc3 Qa5 16. d4 cxd4 17. Bxd4 e5 18. fxe5 dxe5 19. Be3 Be6 20. Ng4 Rfd8 21. Qc2 h5 22. Nf2 Rbc8 23. Rfc1 Nc6 24. Qe2 Qa4 25. Rd1 Rxd1+ 26. Qxd1 Qxd1+ 27. Rxd1 Bxa2 28. Be2 Be6 29. Nd3 Bc4 30. Kf2 Bf8 31. Nc5 Bxe2 32. Kxe2 Rd8 33. Rb1 Rb8 34. Rxb8 Nxb8 35. Kd3 f5 36. exf5 gxf5 37. c4 Bxc5 38. Bxc5 Nc6 39. Kc3 Kf7 40. Kb3 Ke6 41. Ka4 a6 42. Kb3 f4 0-1

[Event "Lugansk-A"]
[Site "Lugansk"]
[Date "2007.10.??"]
[Round "11"]
[White "Gutsko, Nikolai"]
[Black "Kiselev, Vitaliy1"]
[Result "0-1"]
[WhiteElo "2201"]
[BlackElo "2505"]
[PlyCount "94"]
[EventDate "2007.10.??"]
[EventType "tourn"]
[EventRounds "17"]
[EventCountry "UKR"]
[EventCategory "6"]
[SourceTitle "EXT 2009"]
[Source "ChessBase"]
[SourceDate "2008.11.26"]
[SourceVersion "1"]
[SourceVersionDate "2008.11.26"]
[SourceQuality "1"]

1. e4 c5 2. Nf3 Nc6 3. d4 cxd4 4. Nxd4 Nf6 5. Nc3 e5 6. Ndb5 d6 7. Nd5 Nxd5 8. exd5 Nb8 9. c4 Nd7 10. b4 a6 11. Qa4 Be7 12. c5 0-0 13. cxd6 Bf6 14. Be3 Nb6 15. Bxb6 Qxb6 16. Nc3 e4 17. Rc1 Bf5 18. Be2 Rac8 19. Qa3 Qd4 20. Nd1 Rxc1 21. Qxc1 Qxb4+ 22. Qd2 Qxd6 23. 0-0 Bg6 24. Ne3 b5 25. Rc1 Rd8 26. h3 Bg5 27. Rd1 f5 28. Qd4 h5 29. a4 f4 30. Nf1 Bf6 31. Qa7 bxa4 32. Qxa6 Qxa6 33. Bxa6 a3 34. Bc4 Rc8 35. Bb3 Rc3 36. Ba2 Rc2 37. Bb3 e3 38. fxe3 a2 39. exf4 a1Q 40. Rxa1 Bxa1 41. Bxc2 Bd4+ 42. Kh2 Bxc2 43. g4 h4 44. d6 Kf7 45. f5 Be5+ 46. Kg2 Be4+ 47. Kf2 Bf4 0-1

[Event "Lugansk-A"]
[Site "Lugansk"]
[Date "2007.10.??"]
[Round "12"]
[White "Gutsko, Nikolai"]
[Black "Pilavov, Georgy"]
[Result "0-1"]
[WhiteElo "2201"]
[BlackElo "2605"]
[PlyCount "70"]
[EventDate "2007.10.??"]
[EventType "tourn"]
[EventRounds "17"]
[EventCountry "UKR"]
[EventCategory "6"]
[SourceTitle "EXT 2009"]
[Source "ChessBase"]
[SourceDate "2008.11.26"]
[SourceVersion "1"]
[SourceVersionDate "2008.11.26"]
[SourceQuality "1"]

1. b3 e5 2. Bb2 Nc6 3. e3 Nf6 4. Bb5 Bd6 5. Ne2 0-0 6. 0-0 Re8 7. Bxc6 dxc6 8. Nbc3 Bg4 9. f3 Be6 10. e4 Bc5+ 11. Kh1 Nh5 12. Na4 Bd6 13. d4 exd4 14. Qxd4 Qg5 15. f4 Qg4 16. Rae1 Rad8 17. Qe3 f5 18. e5 Bd5 19. Qf2 Be7 20. c4 Bh4 21. Qg1 Bxe1 22. cxd5 Qxe2 23. Rxe1 Qd2 24. dxc6 b5 25. Bc1 Qxa2 26. Nc5 Qc2 27. b4 Rd5 28. e6 a5 29. Be3 axb4 30. Rc1 b3 31. Rxc2 bxc2 32. Nb3 Rd1 33. g4 fxg4 34. Kg2 Rxg1+ 35. Kxg1 Rxe6 0-1

[Event "Lugansk-A"]
[Site "Lugansk"]
[Date "2007.10.??"]
[Round "4"]
[White "Gutsko, Nikolai"]
[Black "Shvyrjov, Igor"]
[Result "1/2-1/2"]
[WhiteElo "2201"]
[BlackElo "2413"]
[PlyCount "72"]
[EventDate "2007.10.??"]
[EventType "tourn"]
[EventRounds "17"]
[EventCountry "UKR"]
[EventCategory "6"]
[SourceTitle "EXT 2009"]
[Source "ChessBase"]
[SourceDate "2008.11.26"]
[SourceVersion "1"]
[SourceVersionDate "2008.11.26"]
[SourceQuality "1"]

1. e4 d6 2. d4 Nf6 3. Nc3 g6 4. Be3 c6 5. Qd2 b5 6. e5 Ng4 7. exd6 Nxe3 8. Qxe3 Qxd6 9. a4 Bg7 10. Nf3 bxa4 11. Rxa4 0-0 12. Ne4 Qc7 13. Qa3 Bf5 14. Bd3 Nd7 15. 0-0 Nb6 16. Ra6 Rfd8 17. Qc3 Nd5 18. Qc5 Qb7 19. Qa3 Nf4 20. Nc5 Qc8 21. Rxa7 Rxa7 22. Qxa7 Bh3 23. gxh3 Qxh3 24. Ne1 Be5 25. dxe5 Rxd3 26. f3 Ne2+ 27. Kf2 Qxh2+ 28. Ng2 Rd2 29. Ne4 Nf4+ 30. Nxd2 Qxg2+ 31. Ke3 Qe2+ 32. Kxf4 Qxd2+ 33. Kg3 Qg5+ 34. Kh3 Qh5+ 35. Kg2 Qg5+ 36. Kf2 Qd2+ 1/2-1/2

[Event "Lugansk Summer"]
[Site "Lugansk"]
[Date "2007.07.04"]
[Round "6"]
[White "Gutsko, Nikolai"]
[Black "Kostromin, Mikhail"]
[Result "1/2-1/2"]
[WhiteElo "2183"]
[BlackElo "2409"]
[PlyCount "30"]
[EventDate "2007.07.01"]
[EventType "tourn"]
[EventRounds "11"]
[EventCountry "UKR"]
[EventCategory "7"]
[SourceTitle "CBM 119 Extra"]
[Source "ChessBase"]
[SourceDate "2007.09.04"]
[SourceVersion "1"]
[SourceVersionDate "2007.09.04"]
[SourceQuality "1"]

1. d4 Nf6 2. Nf3 e6 3. e3 d5 4. Be2 Be7 5. 0-0 0-0 6. b3 Nbd7 7. Bb2 c5 8. Nbd2 b6 9. c4 cxd4 10. exd4 Bb7 11. Rc1 Rc8 12. Re1 Re8 13. Bf1 Nf8 14. Ne5 Ng6 15. Nxg6 hxg6 1/2-1/2

[Event "Lugansk Summer"]
[Site "Lugansk"]
[Date "2007.07.01"]
[Round "1"]
[White "Pushkov, Nikolai"]
[Black "Gutsko, Nikolai"]
[Result "1/2-1/2"]
[WhiteElo "2513"]
[BlackElo "2183"]
[PlyCount "45"]
[EventDate "2007.07.01"]
[EventType "tourn"]
[EventRounds "11"]
[EventCountry "UKR"]
[EventCategory "7"]
[SourceTitle "CBM 119 Extra"]
[Source "ChessBase"]
[SourceDate "2007.09.04"]
[SourceVersion "1"]
[SourceVersionDate "2007.09.04"]
[SourceQuality "1"]

1. d4 d5 2. c4 c6 3. Nf3 Nf6 4. Nc3 a6 5. cxd5 cxd5 6. Bf4 Nc6 7. Rc1 Bf5 8. e3 e6 9. Qb3 Ra7 10. Be2 Be7 11. 0-0 0-0 12. Na4 Nd7 13. Nc5 Nxc5 14. dxc5 Qa5 15. Nd4 Bg6 16. Nxc6 bxc6 17. Qb6 Qxb6 18. cxb6 Rb7 19. Rxc6 Ra8 20. Rfc1 f6 21. Rc8+ Rxc8 22. Rxc8+ Kf7 23. Bxa6 1/2-1/2

[Event "Azov Ivanov Memorial-B"]
[Site "Azov"]
[Date "2006.12.??"]
[Round "2"]
[White "Gutsko, Nikolai"]
[Black "Kostiukova, Liubov"]
[Result "0-1"]
[WhiteElo "2180"]
[BlackElo "2388"]
[PlyCount "62"]
[EventDate "2006.12.10"]
[EventType "tourn"]
[EventRounds "17"]
[EventCountry "RUS"]
[SourceTitle "EXT 2019"]
[Source "ChessBase"]
[SourceDate "2018.10.10"]
[SourceVersion "1"]
[SourceVersionDate "2018.10.10"]
[SourceQuality "1"]

1. e4 c6 2. d4 d5 3. exd5 cxd5 4. Bd3 Nc6 5. c3 Nf6 6. h3 e5 7. dxe5 Nxe5 8. Qe2 Qe7 9. Bb5+ Bd7 10. Bxd7+ Nfxd7 11. Be3 Nc4 12. Bc1 Nde5 13. Kf1 0-0-0 14. b3 Nd6 15. Nf3 Ne4 16. Ba3 Qf6 17. Bxf8 Rhxf8 18. Nbd2 Nxf3 19. Nxf3 Qxc3 20. Rd1 Rfe8 21. Qd3 Qb2 22. Nd2 Nc3 23. Nf3 Nxd1 24. Qxd1 d4 25. Kg1 d3 26. Kh2 d2 27. a4 Rd3 28. g3 Qxb3 29. Qxb3 Rxb3 30. Nxd2 Rb2 31. Rc1+ Kb8 0-1